Datum a čas kvízu
38
Celkem bodů
Celkový počet nahraných bodů na tomto kvízu bez doplňovacích otázek.
1.
Pořadí na kvízu
Konečné umístění týmu na tomto kvízu.
Zaznamenané odpovědi
| # | Otázka | Odpověď | Body | Výsledky |
|---|---|---|---|---|
| 1. | V České republice je aktuálně... | Olomouc | 1 | |
| 2. | Minulý týden se svět dozvěděl... | vydlabaná dýně | 1 | |
| 3. | Jedna hudební kapela způsobila... | Måneskin | 0 | |
| 4. | Jedna automobilka v úterý před... | Škoda | 1 | |
| 5. | Česká basketbalová reprezentac... | Polsko, Srbsko | 1 | |
| 6. | V následujících otázkách se bu... | (svatý) Vojtěch, benediktíni | 1 | |
| 7. | Klášter a zříceninu kláštera,... | Porta coeli, Rosa coeli | 1 | |
| 8. | Nyní si připomeneme klášterní... | 1A 2D 3B 4C | 1 | |
| 9. | Na obrázku vidíme jeden z kláš... | Řecko | 1 | |
| 10. | Starobrněnský klášter, v němž... | Eliška Rejčka | 1 |